000 00406nam a22001457a 4500
005 20200603153358.0
008 200603b xxu||||| |||| 00| 0 eng d
082 _a345.4 AIR
110 _aThe All Iindia reporter
_95760
245 _aThe All Iindia reporter 1986(V-73) SUPRIM COURT Section
260 _aBOMBAY
_bThe All Iindia reporter Ltd.
_c1996
300 _a1008
650 _aLAW
_95701
942 _cJRL
999 _c6781
_d6779